000 00537nam a2200205Ia 4500
005 20250923150357.0
008 008 250917s9999 xx 000 0 eng d
037 _aTextual
040 _aDSWL
_beng
_cDSWL
041 _aeng
_2eng
084 _qDSWL
100 _aWright, Jeannie
_9845297
245 0 _aReflective writing in counselling and psychology
_cby Jeannie Wright
260 _aLondon
_bSage Pub.
_c2018
300 _a198 p.
365 _aGBP
_b26.99
925 _g26.99
942 _cTEXL
999 _c1462807
_d1462807